Project management in the construction industry / by Saleh A. Murabak. (Record no. 22489)

000 -LEADER
fixed length control field 01000nam a22001937a 4500
020 ## - INTERNATIONAL STANDARD BOOK NUMBER
ISBN 9781394225217
082 ## - DEWEY DECIMAL CLASSIFICATION NUMBER
Classification number 624.068
Item number M833735 2024
100 ## - MAIN ENTRY--AUTHOR NAME
Personal name Murabak, Saleh A., author
245 ## - TITLE STATEMENT
Title Project management in the construction industry / by Saleh A. Murabak.
250 ## - EDITION STATEMENT
Edition statement First edition.
260 ## - PUBLICATION, DISTRIBUTION, ETC. (IMPRINT)
Place of publication Hoboken, NJ :
Name of publisher John Wiley,
Year of publication c2024,.
300 ## - PHYSICAL DESCRIPTION
Number of Pages 1 online resource, xvi, 464 pages :
Other physical details illustrations.
500 ## - GENERAL NOTE
General note Includes bibliographical reference and index.
520 ## - SUMMARY, ETC.
Summary, etc Project management in the construction industry is a specialized field that encompasses the planning, coordination, and execution of construction projects. It involves various stages, from initial concept development to project completion and handover. The process is guided by methodologies that ensure projects are completed on time, within budget, and to the required quality standards.
650 ## - SUBJECT ADDED ENTRY--TOPICAL TERM
Topical Term Construction projects/
650 ## - SUBJECT ADDED ENTRY--TOPICAL TERM
Topical Term Risk management.
700 ## - ADDED ENTRY--PERSONAL NAME
Personal name Wiley, publisher.
942 ## - ADDED ENTRY ELEMENTS (KOHA)
Koha item type Electronic Books
Holdings
Source of acquisition Permanent Location Date acquired Collection code Koha item type Lost status Shelving location Withdrawn status Current Location Full call number
DonationCagayan State University - Carig Library2026-04-15E-BooksElectronic Books E-Resource Section Cagayan State University - Carig Library624.068 M833735 2024

Cagayan State University University Library, Carig Campus
Tuguegarao City, Cagayan 3500 | www.csucarig.edu.ph

Powered by Koha